000 00458nam a2200181Ia 4500
001 24191
005 20260414151027.0
008 260414t2017||||xx |||||||||||||| ||spa||
041 _aESP
082 _a792.0233
_bB69
100 _aBogart, Anne
_eAUT
245 0 _aLa preparación del director :
_bsiete ensayos sobre teatro y arte
260 _c2017
300 _a165 pƔginas :
_c21 cm.
650 _aABD
654 _aCAU
942 _cLIB
_dJUS
_fJUS
_2ddc
_n
999 _c24191
_d24191